Library of the University of Algiers 3
Ibrahim Sultan Cheibout
شعار جامعة الجزائر 3
مكتبة جامعة الجزائر 3
إبراهيم سلطان شيبوط

النظم المحاسبية : (رقم التسجيلة. 42838)

تفاصيل مارك
000 -LEADER
fixed length control field 01675nam a2200241Ia 4500
003 - CONTROL NUMBER IDENTIFIER
control field Ost
005 - DATE AND TIME OF LATEST TRANSACTION
control field 20260507075109.0
008 - FIXED-LENGTH DATA ELEMENTS--GENERAL INFORMATION
fixed length control field 260507s9999||||xx |||||||||||||| ||und||
020 ## - INTERNATIONAL STANDARD BOOK NUMBER
International Standard Book Number 4004909959
040 ## - CATALOGING SOURCE
Transcribing agency fsecg
041 ## - LANGUAGE CODE
Language code of text/sound track or separate title ara
082 ## - DEWEY DECIMAL CLASSIFICATION NUMBER
Classification number 330
100 ## - MAIN ENTRY--PERSONAL NAME
Personal name محمد، حمزة عبد اللطيف
Relator term مؤلف
245 #0 - TITLE STATEMENT
Title النظم المحاسبية :
Remainder of title نظم المعلوات المالية والمعلجة الإلكترونية /
Statement of responsibility, etc. حمزة عبد اللطيف محمد
260 ## - PUBLICATION, DISTRIBUTION, ETC.
Place of publication, distribution, etc. مصراتة:
Name of publisher, distributor, etc. الدار الجماهرية للنشر والتوزيع والاعلان,
Date of publication, distribution, etc. 2000
300 ## - PHYSICAL DESCRIPTION
Extent 445 صفحة؛
Other physical details أشكال وجداول
Dimensions 24 سم
520 ## - SUMMARY, ETC.
Summary, etc. يشرح الكتاب مجموعة من النظم المحاسبية وبأسلوب علمي وتحليلي باستخدام نماذج تطبيقية ويعني دلك شرح مفاهيم هذه المادة وطريقة الإنطلاق والتقدم في هذا المضمار وتتضمن مادة الكتاب النظم المحاسبية الأتية : نظام الأستاذ العام نظام ومراقبة ومحاسبة المخزون نظام ومحاسبة الأصول الثابتة نظام المرتبات نظام حسابات المنفعات والمقبوضات كما يتناول حسابات الدائنين والإلتزامات وحسابات المدينين والراقابة عليها ويومية المصرف والصندوق نظام حسابات الدولة .
653 ## - INDEX TERM--UNCONTROLLED
Uncontrolled term مالية
653 ## - INDEX TERM--UNCONTROLLED
Uncontrolled term محاسبة الكترونية
653 ## - INDEX TERM--UNCONTROLLED
Uncontrolled term محاسبة تحليلية
653 ## - INDEX TERM--UNCONTROLLED
Uncontrolled term نظم محاسبية
942 ## - ADDED ENTRY ELEMENTS (KOHA)
Koha item type كتب
المقتنيات
Withdrawn status Lost status Source of classification or shelving scheme Damaged status Not for loan Home library Current library Date acquired Serial enumeration / chronology Inventory number Total checkouts Full call number Barcode Date last seen Price effective from Koha item type
    Dewey Decimal Classification   NOT LOAN / إعارة داخلية مكتبة كلية العلوم الإقتصادية والعلوم التجارية وعلوم التسيير مكتبة كلية العلوم الإقتصادية والعلوم التجارية وعلوم التسيير 07/05/2026 الطابق الأرضي 1411/1   أ/1411ن1 1411/1 07/05/2026 07/05/2026 كتب
    Dewey Decimal Classification   Available مكتبة كلية العلوم الإقتصادية والعلوم التجارية وعلوم التسيير مكتبة كلية العلوم الإقتصادية والعلوم التجارية وعلوم التسيير 07/05/2026 الطابق الثاني 1411/2   أ/1411ن2 1411/2 07/05/2026 07/05/2026 كتب

موارد الويب المفتوحة


© University of Algiers 3 All Rights Reserved
|
Implemented by LECHELAH Riad